One Piece par la lettre E - Statistiques

Statistiques générales
  • Ce quiz a été pris 285 fois
  • Le résultat moyen est 7 sur 10
Statistiques - réponses
Indice Réponse % Correct
"Dieu" Ener
99%
La particularité du corps de Luffy Élastique
94%
Newgate/Weevil Edward
93%
Ile des géants Elbaf
93%
Catégorie de pirates, ils sont 4 au début de l'oeuvre Empereur
88%
Sabre que Zoro aura à Wano Enma
81%
Attaque de Luffy, utilisée la première fois contre le Kraken, aussi utilisée contre Hody Éléphant gun
40%
Roi, qui s'est battu au Colisée Elizabello
40%
Fruit du démon de Nico Robin Fruit des éclosions
37%
C'est lui qui était chargé de surveiller Sanji dans sa chambre à Whole Cake Eggplant
2%
Aucun quiz correspondant
Distribution des résultats
% des personnes avec chaque résultat
Percentile par nombre de réponses
Votre historique - résultats
Vous n’avez pas pris ce quiz